000 02404cam a22004937a 4500
003 CHAP
005 20230822062642.0
008 971013s1977 mx a r 00010 spa d
010 _a25312
011 _a26284
035 _a30384
040 _cCHAP
082 0 4 _a338.18098
_bI5
110 2 _aInstituto Latinoamericano de Planificación Económica y Social
_959245
245 1 3 _aLa planificación del desarrollo agropecuario
_b: un enfoque para América Latina
260 _aMéxico, D.F. :
_bSiglo XXI,
_c1977
300 _a2 v.
_b: ilus. ; gráfs
490 0 _aEconomía y demografía
590 _aBATCH-UPD
_b10
_c20130110
_lUCH01
_h1651
590 _aBATCH-UPD
_b10
_c20130410
_lUCH01
_h1040
590 _aBATCH-UPD
_b10
_c20130914
_lUCH01
_h0320
590 _aCONVERSION
_b10
_c20130109
_lUCH01
_h1315
650 1 4 _aAgricultura
_zAmérica Latina.
_91911
650 1 4 _aGanadería
_xAmérica Latina.
_944610
650 1 4 _aPolítica agrícola
_zAmérica Latina.
_990380
650 1 4 _aPolítica ganadera
_xAmérica Latina.
_990619
830 0 4 _aEconomía y demografía (Siglo XXI Editores)
_935280
901 _aBK
942 _cLIBRO
949 _a338.18098 I5
_bBC
_cLIBRO
_d33724000109112
_eLIBRO
_fv.1
_h45888
_i30384
_si
949 _a338.18098 I5
_bBC
_cLIBRO
_d33724000109120
_eLIBRO
_fv.1 c.2
_h48113
_i30384
_sm
949 _a338.18098 I5
_bBC
_cLIBRO
_d33724000109138
_eLIBRO
_fv.1 c.3
_h48389
_i30384
_si
949 _a338.18098 I5
_bBC
_cLIBRO
_d33724000109146
_eLIBRO
_fv.1 c.4
_h48390
_i30384
_si
949 _a338.18098 I5
_bBC
_cLIBRO
_d33724000109153
_eLIBRO
_fv.2 c.5
_gI.143152
_h73993
_i30384
_sm
949 _a338.18098 I5
_bBC
_cLIBRO
_d33724000109161
_eLIBRO
_fv.2 c.2
_h45894
_i30384
_si
949 _a338.18098 I5
_bBC
_cLIBRO
_d33724000109187
_eLIBRO
_fv.1 c.5
_h52100
_i30384
_si
949 _a338.18098 I5
_bBC
_cLIBRO
_d33724000109195
_eLIBRO
_fv.2 c.3
_h48114
_i30384
_si
949 _a338.18098 I5
_bBC
_cLIBRO
_d33724000109203
_eLIBRO
_fv.2 c.4
_h48115
_i30384
_si
949 _a338.18098 I5
_bBC
_cLIBRO
_d33724000414991
_eLIBRO
_fv.1 c.6
_gI.143151
_h73952
_i30384
_si
949 _a338.18098 I5
_bBC
_cLIBRO
_d33724000415006
_eLIBRO
_fv.2
_h45889
_i30384
_si
949 _a338.18098 I5
_bBC
_cLIBRO
_d33724000831798
_eLIBRO
_fv.1 c.7
_h79711
_i30384
_mDon.
_sb
949 _a338.18098 I5
_bBC
_cLIBRO
_d33724002131108
_eLIBRO
_fv.1 c.8
_gI.c/e
_h111355
_i30384
_sb
949 _a338.18098 I5
_bBC
_cLIBRO
_d33724002325900
_eLIBRO
_fv.2 c.2
_h116613
_i30384
_sb
999 _c25312
_d25312